书目信息 |
| 题名: |
量子电子学
|
|
| 作者: | 雅里夫 著 ;刘颂豪 译 | |
| 分册: | ||
| 出版信息: | 上海 上海科学技术出版社 1983 |
|
| 页数: | 587页 | |
| 开本: | 19cm | |
| 丛书名: | ||
| 单 册: | ||
| 中图分类: | TN201 | |
| 科图分类: | ||
| 主题词: | 量子电子学 | |
| 电子资源: | ||
| ISBN: | ||
| 000 | 00716nam0 2200253 45 | |
| 001 | 0183000422 | |
| 005 | 20060426165218.60 | |
| 010 | @dCNY2.55 | |
| 091 | @a13119.1065 | |
| 100 | @a19950725d1983 emky0chiy0121 ea | |
| 101 | 1 | @achi@ceng |
| 102 | @aCN@b310000 | |
| 105 | @ay z 000yy | |
| 200 | 10 | @a量子电子学@Aliang zi dian zi xue@f(美)A·亚里夫著@F(mei)A·ya li fu zhu@g刘颂豪译 |
| 210 | @a上海@c上海科学技术出版社@d1983 | |
| 215 | @a587页@d19cm | |
| 510 | 1 | @aQuantum electronics@zeng |
| 606 | @a量子电子学 | |
| 690 | @aTN201@v3 | |
| 701 | 1 | @a雅里夫@Aya li fu@bA.@4著 |
| 702 | 0 | @a刘颂豪@Aliu song hao@4译 |
| 801 | 2 | @aCN@bNLC@c20060426 |
| 801 | 0 | @aCN@b上海图书馆@c20040519 |
| 905 | @dTN201@e28 | |
| 量子电子学/(美)A·亚里夫著/刘颂豪译.-上海:上海科学技术出版社,1983 |
| 587页;19cm |
| ISBN :CNY2.55 |
| ● |
| 相关链接 |
|
|
|
|
正题名:量子电子学
索取号:TN201/28
 
预约/预借
| 序号 | 登录号 | 条形码 | 馆藏地/架位号 | 状态 | 备注 |
| 1 | 0104048 | 001350629 | 密集书库/ [索取号:TN201/28] | 在馆 | |
| 2 | 0104049 | 202291340 | 密集书库/ [索取号:TN201/28] | 在馆 | |
| 3 | 0104050 | 001350273 | 密集书库/ [索取号:TN201/28] | 在馆 | |
| 4 | 0104051 | 001350709 | 第三借阅区/ [索取号:TN201/28] | 在馆 | |
| 5 | 0104052 | 001350665 | 第二样本阅览室/ [索取号:TN201/28] | 在馆 |